00777nam a2200253 a 4500001001300000003000900013005001700022008004100039020001000080082001500090100002100105245005200126260003700178300000900215500003500224505001300259650001100272700002100283902000800304942000700312952009500319952009400414999001500508nice12345678IN_TiNIC20260116011806.0050524s1974 beia grc 000 0 03g  ac10000a223.2bJAD aJadeed, Iskandar aAl-Murshid-Ila Salatb Yamin-Ur-Rabbi-Murtafah. aBeirutbMarkaz Ilshabiyatac1974 a208p aincludes index and biblioraphy2 aAppendix aPsalms1 aJadeed, Iskandar bSRS cPC 00104070aHMIbHMId2007-06-19g100.00l0o223.2 JADp07325r2007-06-19w2026-01-16yBK 00104070aHMIbHMId2018-04-12g100.00l0o223.2 JADp07479r2018-04-12w2026-01-16yBK c4003d4003